| 000 | 00929nab a2200277 4500 | ||
|---|---|---|---|
| 003 | BR-BrBNA | ||
| 005 | 20250319094115.0 | ||
| 008 | 250319b bl.||||| |||| 00| 0 por d | ||
| 040 |
_aBR-BrBNA _bpor |
||
| 072 |
_aL01 ; L10 ; J13 ; E13 ; E40 _b5250 |
||
| 100 | _aMarques, Carlos José (ed.) | ||
| 245 |
_aÉ um carro? Não, é o bodemóvel _bAgrotecnologia |
||
| 500 | _a3 illus. | ||
| 650 | _aCAPRINOCULTURA | ||
| 650 | _aCABRA | ||
| 650 | _aBODE | ||
| 650 | _aMELHORAMENTO GENÉTICO ANIMAL | ||
| 650 | _aINSEMINAÇÃO ARTIFICIAL | ||
| 650 | _aTRANSPORTE RODOVIÁRIO | ||
| 650 | _aASSOCIAÇÃO RURAL | ||
| 650 | _aINVESTIMENTO AGRÍCOLA | ||
| 650 | _aPARAÍBA | ||
| 773 | 0 |
_01706 _9346298 _dSão Paulo-SP Editora Três Ltda - E-mail: luizfsa@revistadinheiro.com.br 2004 _o2024-6952 _tDinheiro Rural (Brazil) _x1807-3700 _gv. 3(16) p. 40-41; (Feb 2006) _wBR2025000148 |
|
| 942 | _cANA | ||
| 999 |
_c330511 _d330511 |
||